00509nam a2200169Ia 4500003000400000008004100004040001600045082001800061100002400079245010000103260004400203300000800247490000500255650003000260650001500290650003400305GCL140319s9999 xx 000 0 ara d aGCL / cGCL04a953.03bح ا1 aحازم صاعية10aاول العروبة تخلى الاكثرية تولى الاقلية / cحازم صاعية a[S.N] : bدار الجديد ، c1993 a133 a04aالعالم العربى04aتاريخ04aمقالات ومحاضرات